Spectral methods for operators of mathematical physics

Gespeichert in:
Bibliographische Detailangaben
Format: Buch
Sprache:Undetermined
Veröffentlicht: Berlin Birkhauser Verlag 2004
Schlagworte:
Tags: Tag hinzufügen
Keine Tags, Fügen Sie den ersten Tag hinzu!
Thư viện lưu trữ: Trung tâm Học liệu Trường Đại học Cần Thơ
LEADER 00523nam a2200169Ia 4500
001 CTU_94633
008 210402s9999 xx 000 0 und d
020 |c 162.62 
082 |a 530.15 
082 |b S741 
245 0 |a Spectral methods for operators of mathematical physics 
260 |a Berlin 
260 |b Birkhauser Verlag 
260 |c 2004 
650 |a Operator theory,Linear operators,Spectral theory (Mathematics),Mathematical physics 
904 |i Trúc 
980 |a Trung tâm Học liệu Trường Đại học Cần Thơ